Ο γάμος = λιμάνι ή ναυάγιο;

Αποθηκεύτηκε σε:
Λεπτομέρειες βιβλιογραφικής εγγραφής
Κύριος συγγραφέας: Χριστοδούλιας, Πέτρος Δ.
Μορφή: Βιβλίο
Γλώσσα:Greek
Δημοσίευση: Αθήναι : Αδελφότης Θεολόγων η "Ζωή", 1963.
Έκδοση:2η έκδ.
Θέματα:
Ετικέτες: Προσθήκη ετικέτας
Δεν υπάρχουν, Καταχωρήστε ετικέτα πρώτοι!

MARC

LEADER 00000cam a2200000 i 4500
001 1/90479
008 080703s1963 gr || ||| ||| ||gre||
035 |l 10098701 
040 |a GR-MY-UA  |b gre  |e aacr 
041 0 |a gre 
082 0 |a 248.844   |2 (22) 
100 1 |a Χριστοδούλιας, Πέτρος Δ. 
245 1 2 |a Ο γάμος =   |b λιμάνι ή ναυάγιο; /   |c Πέτρου Δ. Χριστοδούλια. 
250 |a 2η έκδ. 
260 |a Αθήναι :   |b Αδελφότης Θεολόγων η "Ζωή",   |c 1963. 
300 |a 175 σ. ;   |c 19 εκ. 
650 0 0 |a Marriage  |x Religious aspects. 
650 0 0 |a Married people. 
852 |a INST  |b RHODES  |c AKA  |e 20080703  |h  248.844 ΧΡΙ  |p 005400027778  |q 005400027778  |t BK  |y 0 
901 |a BIBL4-2008-2 
909 |a Ρ  |b 150729 
970 |a ΚΟΖΑ  |b ΜΑΡΙΑ  |z 2008/07/03